00666nam a22001577a 4500999001900000020001600019082001000035100002600045245010900071260003400180300002700214942001300241650004500254700003200299952017700331 c535293d535293 qHard Cover. a620.1 aMuhammad Irfan Tahir. aEnergy & Exergy Analysis of Double Side Triangular Enclosure Solar Water Heater /cMuhammad Irfan Tahir. aIslamabad:bPNEC NUST,c2015. a65 p. :bill. ;c30cm. 2ddccTHE aMechanical Engineering MS-Thesis.916090 aDr. Shafiq ur Rehman929496 00102ddc40709497806aCLbCLcTHEd2020-09-03o620.1pCL-T-6149r2020-09-03w2020-09-03xMinute Sheet No. 0929/02/CL/Survey/5 dated 23rd April 2024 E-MIN ID 114741 yTHE